Hardverová simulácia ohrevu vody

Saved in:
Bibliographic Details
Main Author: Juráška, Adam (Author)
Other Authors: Nemlaha, Eduard (Thesis advisor)
Format: Manuscript Book
Language:Slovak
Published: 2025
Subjects:
Online Access:http://is.stuba.sk/zp/portal_zp.pl?podrobnosti=176709
Tags: Add Tag
No Tags, Be the first to tag this record!

MARC

LEADER 00000ntm a22000003a 4500
001 stuzp104061
003 SK-STU
005 20250628211147.1
007 ta
008 150427s2015----xo-----f-mn---000-0-slo-d
040 |a STU  |b slo 
041 0 |a slo 
100 1 |a Juráška, Adam  |u 066000  |4 aut  |U MTF Materiálovotechnologická fakulta  |T MTF Ústav aplikovanej informatiky, automatizácie a mechatroniky  |X 121800  |U M6000  |Y 86  |7 121800 
242 0 1 |a Hardware simulation of water heating  |y eng 
245 1 0 |a Hardverová simulácia ohrevu vody 
260 |c 2025 
650 4 |a PLC  |2 slo 
650 4 |a HMI  |2 slo 
650 4 |a riadiaci systém  |2 slo 
650 4 |a TIA Portal  |2 slo 
650 4 |a simulácia  |2 slo 
650 4 |a ohrev vody  |2 slo 
650 4 |a PLC  |2 eng 
650 4 |a simulation  |2 eng 
650 4 |a TIA Portal  |2 eng 
650 4 |a water heating  |2 eng 
650 4 |a HMI  |2 eng 
650 4 |a control system  |2 eng 
700 1 |a Nemlaha, Eduard  |u 066000  |k Z1  |4 ths  |U MTF Materiálovotechnologická fakulta  |T MTF Ústav aplikovanej informatiky, automatizácie a mechatroniky  |X 2759  |U M6000  |Y 86  |7 A000002759 
856 4 |u http://is.stuba.sk/zp/portal_zp.pl?podrobnosti=176709 
996 |c M* BP-9943  |l MMSKP  |s P  |a 0  |w stuzp104061_0001